Middle East dilemma : the politics and economics of Arab intergration

Bibliographic Details
Main Author: Hudson, Michael C. (Author)
Format: Book
Published: London : I. B. Tauris , 1999
Subjects:

MARC

LEADER 00000cam a2200000 7i4500
001 0000045813
005 20040601093000.0
008 030703s1999
020 |a 1860642721 
090 0 0 |a DS39   |b .M53 1999 
245 0 0 |a Middle East dilemma :   |b the politics and economics of Arab intergration   |c edited by Michael C. Hudson 
260 2 |a London :   |b I. B. Tauris ,   |c 1999 
300 |a xii, 341 p. :   |b ill. ;   |c 23 cm. 
504 |a Includes bibliographical references and index 
651 0 |a Arab countries   |x Economic integration 
651 0 |a Arab countries   |x Politics and government   |y 20th century 
700 1 |a Hudson, Michael C. ,   |e author 
999 |a 1000096000   |b Book   |c OPEN SHELF (30 DAYS)   |e Gong Badak Campus